| 000 | 00504 a2200145 4500 | ||
|---|---|---|---|
| 999 |
_c10299 _d10299 |
||
| 020 | _a9781485127079 | ||
| 050 | _aKOC815LAU2018 | ||
| 100 |
_aLauriol, Thierry M., _eauthor. |
||
| 245 |
_aOil, gas and mining law in Africa / _c |
||
| 264 |
_aClaremont _bJuta _c2018 |
||
| 300 | _a507p. | ||
| 500 | _aIncludes index | ||
| 650 | _aMining law -- Africa Petroleum law and legislation -- Africa Natural gas -- Law and legislation -- Africa | ||
| 942 |
_2olc _cBK _h815 _iLAU _kKOC |
||